00432nam a22001337a 4500003000900000005001700009008004100026040001300067100002200080245006500102260002000167300001900187520009200206IT-RoPau20220918181108.0130612b xxu||||| |||| 00| 0 eng d cIT-RoPau aTodaro, Francesco aLa famiglia capolavoro di DiobOre di adorazione e catechesi aRomabSSPc1995 a126 pp.c24 cm aIndice Sigle dei documenti citati Presentazione Prefazione Ore di Adorazione Catechesi